000 00578nam a2200205Ia 4500
005 20250923145719.0
008 008 250917s9999 xx 000 0 eng d
037 _aTextual
040 _aDSWL
_beng
_cDSWL
041 _aeng
_2eng
084 _aQ29N98, N77
_qDSWL
100 _aHedayetullah, M.
_9838233
245 0 _aKabir: The apostle of Hindu
_c by M.Hedayetullah
260 _aDelhi
_bMotilal Banarsidas
_c1977
300 _axxix,320p.
365 _aINR
_b54.00
925 _g54.00
942 _cTEXL
_hQ29N98, N77
999 _c1454674
_d1454674